The variable contrast printing manual
| Main Author: | |
|---|---|
| Format: | Book |
| Published: |
Boston :
Focal ,
1997
|
| Subjects: |
MARC
| LEADER | 00000cam a2200000 7i4500 | ||
|---|---|---|---|
| 001 | 0000018183 | ||
| 002 | 000019799 | ||
| 005 | 20000330.0 | ||
| 020 | |a 0240802594 | ||
| 090 | 0 | 0 | |a 771.49 |b ANC |
| 100 | 1 | |a Anchell, Steve | |
| 245 | 1 | 4 | |a The variable contrast printing manual |c Steve Anchell |
| 260 | |a Boston : |b Focal , |c 1997 | ||
| 300 | |a 190p. : |b ill. ; |c 23cm. | ||
| 650 | 0 | 0 | |a Photography |x Printing processes |
| 999 | |a 00070212 |b BUKU |c PINJAMAN |e PERPUSTAKAAN KOMUNITI PETALING JAYA | ||